| 000 | 00509nam a22001937a 4500 | ||
|---|---|---|---|
| 999 |
_c4452 _d4452 |
||
| 003 | OSt | ||
| 005 | 20181206100737.0 | ||
| 008 | 181205b ||||| |||| 00| 0 eng d | ||
| 040 | _cDLC | ||
| 082 | _a248.5 | ||
| 245 |
_aFrom Egypt To Sinai / _cBy Robert H. Belton. |
||
| 260 |
_aIllinois, USA : _bMoody Bible Institute, _cc1965. |
||
| 300 | _a30 p.: | ||
| 490 | _aMoody Manna | ||
| 630 | _aMoody Manna | ||
| 650 |
_a2 Tim: 2:15 _xFrom Egypt To Sinai |
||
| 650 | _xStudies In Exodus 1-23 | ||
| 942 |
_2ddc _cBK |
||